000 00462nam a2200181Ia 4500
008 131103s9999 xx 000 0 und d
040 _aLoreto College
041 _aEnglish
082 _a910.7/LON
_bLCBED/2488
100 _aLong, M.
245 _aTeaching of geography
_cM. Long
260 _aLondon
_bHeinemann
_c1972
300 _axii,416p.
_c 22cm.
650 _aGeorgraphy
651 _aGeorgraphy - method
850 _aLCBED/910.7/LOM
942 _cBK
999 _c29185
_d79664